000 03604cam a22005897i 4500
001 data
005 20260322212102.0
008 data
035 _a20281638
906 _a7
_bcbc
_cpccadap
_d2
_encip
_f20
_gy-gencatlg
925 0 _aacquire
_b1 shelf copy
_xpolicy default
010 _a 2017297132
016 7 _a101703328
_2DNLM
016 7 _a1076750222
_2GyFmDB
020 _a9783847105121
_q(hardcover : alk. paper)
020 _a3847105124
_q(hardcover : alk. paper)
024 3 _a9783847105121
035 _a(OCoLC)973875731
040 _aNLM
_beng
_cNLM
_erda
_dDLC
_dOCLCF
_dOHX
_dOCLCO
_dVGM
_dOCL
_dNLM
_dOCLCO
_dOCLCA
_dDLC
050 0 0 _aRT85
_b.C78 2017
060 0 0 _a2017 C-313
060 1 0 _aWY 86
072 7 _aRT
_2lcco
245 0 0 _aCritical approaches in nursing theory and nursing research :
_bimplications for nursing practice /
_cThomas Foth, Dave Holmes, Manfred Hülsken-Giesler, Susanne Kreutzer, Hartmut Remmers (eds.).
264 1 _aGöttingen :
_bV & R unipress, Universitätsverlag Osnabrück,
_c[2017]
264 4 _c©2017
300 _a255 pages :
_billustrations ;
_c24 cm.
336 _atext
_btxt
_2rdacontent
337 _aunmediated
_bn
_2rdamedia
338 _avolume
_bnc
_2rdacarrier
490 0 _aPflegewissenschaft und Pflegebildung,
_x2198-6193 ;
_vBand 14
490 0 _aV&R academic
504 _aIncludes bibliographical references and indexes.
505 0 0 _tNietzsche and the right to die: a critical dialectic of access to euthanasia or medical aid in dying /
_rPawel J. Krol.
_tNeoliberal Demolition of the NHS: challenges of caring in a corporate culture /
_rDavid Mercer, Maria Flynn --
_tPrivileging practices: manifesto for "new nursing studies" /
_rChristine Ceci, Jeannette Pols, Mary Ellen Purkis --
_tCare: existential assets and nonpartisan justice: on several ethical aporiae of care professions /
_rHartmut Remmers --
_tNursing and critique: elements for a theory in nursing /
_rHeiner Friesacher --
_tThe limits of a theory of recognition: toward a nursing ethics of vulnerability /
_rThomas Foth, Kim Lauzier, Katrin Antweiler --
_tProfessional responsibility and technologically informed decision making: the rise and demise of the compassionate algorithm /
_rDawn Freshwater, Jane Cahill --
_tMimesis in nursing practice: the hermeneutical potential of the body to understand patients' lived experiences /
_rManfred Hülsken-Giesler --
_tThe reflective practitioner as critical theorist /
_rGary Rolfe --
_tA nursing didactics model based on a constellational and critical identity perspective /
_rUlrike Greb --
_tRationalization of nursing in West Germany and the United States, 1945-1970 /
_rSusanne Kreutzer --
_tNietzsche and the right to die: a critical dialectic of access to euthanasia or medical aid in dying /
_rPawel J. Krol.
650 0 _aNursing ethics.
650 0 _aNursing
_xPhilosophy.
650 0 _aNursing
_xResearch.
650 0 _aNursing
_xPractice.
650 1 2 _aNursing Theory.
650 7 _aNursing ethics.
_2fast
_0(OCoLC)fst01041889
650 7 _aNursing
_xPhilosophy.
_2fast
_0(OCoLC)fst01041792
650 7 _aNursing
_xPractice.
_2fast
_0(OCoLC)fst01041799
650 7 _aNursing
_xResearch.
_2fast
_0(OCoLC)fst01041814
700 1 _aFoth, Thomas,
_eeditor.
700 1 _aHolmes, Dave,
_d1967-
_eeditor.
700 1 _aHülsken-Giesler, Manfred,
_eeditor.
700 1 _aKreutzer, Susanne,
_eeditor.
700 1 _aRemmers, Hartmut,
_eeditor.
830 0 _aPflegewissenschaft und Pflegebildung ;
_vBd. 14.
_x2198-6193
830 0 _aV&R academic.
999 _c1476
_d1476